<?xml version="1.0" encoding="UTF-8"?>
<marc:record xmlns:marc="http://www.loc.gov/MARC21/slim">
   <marc:leader>00000nam a2200000 a 4500</marc:leader>
   <marc:datafield ind1="1" ind2=" " tag="100">
      <marc:subfield code="a">Boddin, Heidrun</marc:subfield>
      <marc:subfield code="4">aut</marc:subfield>
      <marc:subfield code="e">Verfasser/-in</marc:subfield>
   </marc:datafield>
   <marc:datafield ind1=" " ind2=" " tag="653">
      <marc:subfield code="a">Alphabet</marc:subfield>
   </marc:datafield>
   <marc:datafield ind1=" " ind2=" " tag="653">
      <marc:subfield code="a">Erstlesebuch</marc:subfield>
   </marc:datafield>
   <marc:datafield ind1=" " ind2=" " tag="653">
      <marc:subfield code="a">Lesenlernen</marc:subfield>
   </marc:datafield>
   <marc:datafield ind1=" " ind2=" " tag="653">
      <marc:subfield code="a">Leseförderung</marc:subfield>
   </marc:datafield>
   <marc:datafield ind1=" " ind2=" " tag="653">
      <marc:subfield code="a">ABC-Buch</marc:subfield>
   </marc:datafield>
   <marc:datafield ind1="0" ind2="0" tag="245">
      <marc:subfield code="a">Von Affen, Fliegen und Giraffen</marc:subfield>
   </marc:datafield>
   <marc:datafield ind1="0" ind2="0" tag="245">
      <marc:subfield code="b">Ein ABC für Kinder</marc:subfield>
   </marc:datafield>
   <marc:datafield ind1="0" ind2="0" tag="245">
      <marc:subfield code="c">Heidrun Boddin</marc:subfield>
   </marc:datafield>
   <marc:datafield ind1=" " ind2="1" tag="264">
      <marc:subfield code="a">Köln</marc:subfield>
      <marc:subfield code="b">Middelhauve</marc:subfield>
   </marc:datafield>
   <marc:datafield ind1="1" ind2=" " tag="520">
      <marc:subfield code="a">Ein amüsantes, plakativ illustriertes ABC-Bilderbuch für tierliebende Erstleser/innen. (ab 6) (JD)       "Der Hund trank viel Kamillentee, nun macht er einen großen See" und "Florian, der Wasserfloh, der wird im Trocknen niemals froh": Tierisch nett ist dieses in kräftigen Farben gehaltene ABC-Büchlein von A wie Affe über X wie Xilogen (was ist denn das?) bis zu Z wie Zebra. 26 knappe Zweizeiler greifen in lakonischer Kürze humorvoll-bizarre Szenen aus dem Leben der alphabetisch gereihten animalischen Hauptfiguren - Szenen, die in der klaren, stark konturbezogenen Farbe- und Formensprache Boddins ihr bildliches Pendant finden. - Ab 6 Jahren empfehlenswert.   *bn* Silke Rabus</marc:subfield>
   </marc:datafield>
   <marc:datafield ind1=" " ind2=" " tag="020">
      <marc:subfield code="a">9783787695119</marc:subfield>
      <marc:subfield code="9">9783787695119</marc:subfield>
   </marc:datafield>
   <marc:datafield ind1=" " ind2=" " tag="041">
      <marc:subfield code="a">ger</marc:subfield>
   </marc:datafield>
   <marc:datafield ind1=" " ind2=" " tag="300">
      <marc:subfield code="a">, 1996</marc:subfield>
   </marc:datafield>
</marc:record>
